AEW Double or Nothing 2024 Card - Statistics

General Stats
  • This quiz has been taken 36 times
  • The average score is 30 of 39
Answer Stats
Answer % Correct
Kazuchika Okada
100%
Matthew Jackson
100%
Nicholas Jackson
100%
Chris Jericho
96%
Jack Perry
96%
Swerve Strickland
96%
Hook
92%
Jon Moxley
92%
Adam Copeland
88%
Christian Cage
88%
Mercedes Moné
88%
Will Ospreay
88%
Austin Gunn
83%
Billy Gunn
83%
Colten Gunn
83%
Jay White
83%
Malakai Black
83%
Max Caster
83%
Toni Storm
83%
Anthony Bowens
79%
Brian Cage
79%
Bryan Danielson
79%
Cash Wheeler
79%
Darby Allin
79%
Dax Harwood
79%
Pac
79%
Roderick Strong
75%
Willow Nightingale
75%
Penta El Zero Miedo
71%
Rey Fenix
71%
Katsuyori Shibata
67%
Orange Cassidy
63%
Konosuke Takeshita
58%
Bishop Kaun
46%
Serena Deeb
46%
Thunder Rosa
46%
Toa Liona
46%
Deonna Purrazzo
38%
Trent Beretta
33%
No matching quizzes found
Score Distribution
Percent of People with Each Score
Percentile by Number Answered
Your Score History
You have not taken this quiz